00578nam a2200157 a 450000100100000000500170001000800410002704000250006810000380009324500780013126000590020930000210026804900090028995201050029899900170040300002530320200930023708.0110214s1967 dr 000 0 spa d aDO-SdBNPbspacBNPHU1 aTavárez Belliard, Aurora93653110aLecciones de urbanidad y moral y cívica / :bAurora Tavárez Belliard. aSanto Domingo :bEditora Librería Dominicana,c1967. a250 P. ;c19 cm. aBNPD 0010718PDaPDbPDcCTd2011-02-14iLF1l0o p25303-10r2020-06-25w2020-06-25yLFPDZNo se presta c24796d24796